LEADER 00636naa a2200145 i 4500 001 000000308329 003 CaOOAMICUS 005 20180831172933.0 008 180831n it u000 u ita u 013 $a17294 040 $aSeMil$bita 100 1 $aSeneca, Lucius Anneus,$d<4 a.C.-65 d.C.>.$0(OLS)http://semarc/name/764 245 10$aConsolazione alla madre Elvia. 773 0 $aSeneca, Lucius Anneus <4 a.C.-65 d.C.>$tTutti gli scritti in prosa.$dMilano : Rusconi, 1994.$kClassici del pensiero. Sez. 1, Filosofia classica e tardo-antica$z88-18-22028-4$gp.[333]-366$w()121653 996 $6245$aConsolazione alla madre Elvia$9(OLS)http://semarc/title/383600 LEADER 01686nam a2200313 i 4500 001 000000073369 003 CaOOAMICUS 005 20090616000000.0 008 090616s1986 xxu u000 u mul u 013 $a44541 020 $a0-300-03161-0 040 $aSeMil$bita 100 1 $aMore, Thomas,$c.$0(OLS)http://semarc/name/1481 245 10$aIn defense of Humanism :$bLetter to Martin Dorp ; Letter to the university of Oxford ; Letter to Edward Lee ; Letter to a Monk with a new text and translation of Historia Richardi tertii /$cThomas More ; edited by Daniel Kinney. 260 $aNew Haven ; London :$bYale University Press,$c1986. 300 $acliv, 662 p., 20 p. di tav. :$bill. ;$c24 cm. 600 04$aRiccardo III : d'Inghilterra .$0(OLS)http://semarc/subject/5796 650 4$aUmanesimo.$0(OLS)http://semarc/subject/4164 700 1 $aKinney, Daniel.$0(OLS)http://semarc/name/36290 773 0 $tComplete works of St. Thomas More.$dNew Haven ; London : Yale University Press, 1963-1997.$g15$w()1636 850 $aSeMil 852 $aSeMil$W1$xVenegono$y1$m2Q V 109$j39521$B39521$CSeMilBibl$Z2$F39525 $81 900 0 $aTommaso : Moro. 900 0 $aThomas : More. 996 $6020$a0-300-03161-0$9(OLS)http://semarc/number/52829 996 $6245$aIn defense of Humanism :$bLetter to Martin Dorp ; Letter to the university of Oxford ; Letter to Edward Lee ; Letter to a Monk with a new text and translation of Historia Richardi tertii$9(OLS)http://semarc/title/118456 996 $6260$aNew Haven ; London :$bYale University Press$9(OLS)http://semarc/publisher/30327